000 00349nam a2200157Ia 4500
100 _aShelton/Jay W.
650 _aGeneral
942 _cRB
654 _asolids Fuels
245 _aJay Shelton = Solid Fuels Encyelopedia
260 _bCharlote: garden Way Pub.
_c1983
082 _a697
_bShe
300 _a268
546 _aENGLISH
999 _c30905
_d30905